| 000 | nam a22 7a 4500 | ||
|---|---|---|---|
| 999 |
_c329467 _d329467 |
||
| 003 | ASAB | ||
| 005 | 20170509114758.0 | ||
| 008 | 170509b xxu||||| |||| 00| 0 eng d | ||
| 020 | _a81-8189-171-6 | ||
| 040 | _cASAB | ||
| 082 | _a630 | ||
| 245 |
_aConversion to organic agriculture. _cA.K. Singh. |
||
| 260 |
_aIndia. _bInternational Book Distributing Co. _c2007. |
||
| 300 | _a412 P. | ||
| 942 |
_2ddc _cBK |
||